000 00273nam a2200121Ia 4500
008 190216s9999||||xx |||||||||||||| ||und||
100 _aGibran
245 0 _aSpirits Rebellious
260 _bJaico Publishing House
_c1957
300 _a221p
650 _aNovel
942 _cBK
999 _c12399
_d12399